Press laws and media ethics / (Record no. 67180)

MARC details
000 -LEADER
fixed length control field 00427nam a22001457a 4500
005 - DATE AND TIME OF LATEST TRANSACTION
control field 20180731130934.0
020 ## - INTERNATIONAL STANDARD BOOK NUMBER
International Standard Book Number 8184050100
Terms of availability 625.00
035 ## - SYSTEM CONTROL NUMBER
System control number B-217724, B-217719, B-217733
037 ## - SOURCE OF ACQUISITION
Stock number DPL
Source of stock number/acquisition ENG
100 ## - MAIN ENTRY--PERSONAL NAME
Personal name Dixit, Anil K.
245 ## - TITLE STATEMENT
Title Press laws and media ethics /
Statement of responsibility, etc by Anil K. Dixit
260 ## - PUBLICATION, DISTRIBUTION, ETC. (IMPRINT)
Place of publication, distribution, etc New Delhi
Name of publisher, distributor, etc Reference Press
Date of publication, distribution, etc 2006
300 ## - PHYSICAL DESCRIPTION
Extent v, 273p.
Dimensions 20 cms.
942 ## - ADDED ENTRY ELEMENTS (KOHA)
Source of classification or shelving scheme Dewey Decimal Classification
Item type English Books
Classification part 343.0998
Call number suffix DIX
Holdings
Withdrawn status Lost status Not for loan Collection code Home library Current library Date acquired Cost, normal purchase price Full call number Barcode Cost, replacement price Koha item type Source of acquisition
      Non-fiction Patel Nagar Patel Nagar 24/07/2018 625.00 343.0998 DIX B-217719 625.00 English Books BPPD/PUB
      Non-fiction Sarojini Nagar Sarojini Nagar 25/05/2012 625.00 343.0998 DIX B-217724 625.00 English Books  
      Non-fiction Shahdara Branch Shahdara Branch 31/07/2018 625.00 343.0998 DIX B-217733 625.00 English Books BPPD/PUB

© Delhi Public Library
Hit Counter
free hit counter